[Event "Rated Blitz tournament KqB0AXK6"]
[Site "?"]
[Date "2021.02.09"]
[Round "?"]
[White "Mike2005"]
[Black "Kovaljov"]
[Result "1-0"]
[WhiteElo "2297"]
[BlackElo "2443"]
[PlyCount "75"]
[EventDate "2021.??.??"]
[EventType "blitz"]

1. e4 e5 2. Nf3 d5 3. exd5 Nf6 4. Nxe5 Qxd5 5. d4 Nc6 6. Nxc6 bxc6 7. Nc3 Bb4
8. Qe2+ Kd8 9. Be3 Qa5 10. Qc4 Rb8 11. a3 Re8 12. Be2 Bd6 13. O-O Qf5 14. Qd3
Rxb2 15. Na4 Rxc2 16. Nc5 Qg6 17. Qxg6 fxg6 18. Bf3 Bxc5 19. dxc5 Ba6 20. Rfd1+
Ke7 21. Bxc6 Rb2 22. Bxe8 Kxe8 23. c6 Bb5 24. Bxa7 Rc2 25. Rdc1 Ba4 26. Rxc2
Bxc2 27. Bd4 Ba4 28. Bxf6 gxf6 29. Rc1 Ke7 30. Rc4 Bb5 31. Rc5 Ba4 32. Rc4 Bb5
33. Rb4 Bxc6 34. a4 Kd6 35. a5 h5 36. a6 g5 37. a7 Bd5 38. Rb8 {Normal} 1-0

[Event "Rated Blitz game"]
[Site "?"]
[Date "2021.02.09"]
[Round "?"]
[White "checkmamy"]
[Black "Taabling"]
[Result "0-1"]
[WhiteElo "2370"]
[BlackElo "2432"]
[PlyCount "42"]
[EventDate "2021.??.??"]
[EventType "blitz"]

1. e4 e5 2. Nf3 d5 3. exd5 Bd6 4. c4 Nf6 5. Nc3 O-O 6. Be2 c6 7. dxc6 Nxc6 8.
d3 h6 9. O-O Bf5 10. Re1 Qc7 11. h3 Rad8 12. Bf1 e4 13. Nh4 Bh7 14. Nb5 Bh2+
15. Kh1 Qb8 16. Be3 a6 17. Nc3 exd3 18. Bb6 Rd7 19. Nf3 Bc7 20. Nd2 Bxb6 21.
Qf3 Nd4 {Normal} 0-1

[Event "Rated Blitz game"]
[Site "?"]
[Date "2021.02.09"]
[Round "?"]
[White "BulgarenSchach"]
[Black "annaly1979"]
[Result "0-1"]
[WhiteElo "2448"]
[BlackElo "2429"]
[PlyCount "76"]
[EventDate "2021.??.??"]
[EventType "blitz"]

1. e4 e5 2. Nf3 d5 3. exd5 e4 4. Ne5 Bd6 5. d4 Nf6 6. Nc3 O-O 7. Be2 Bf5 8. O-O
h6 9. Be3 Nbd7 10. Nc4 a6 11. Nxd6 cxd6 12. Bf4 Nb6 13. Bg3 Nbxd5 14. Bh4 Nf4
15. Bxf6 Qxf6 16. Bg4 Qg5 17. h3 h5 18. g3 Nxh3+ 19. Bxh3 Bxh3 20. Re1 f5 21.
Ne2 h4 22. Nf4 Bg4 23. Ne6 Qh5 24. Qd2 hxg3 25. fxg3 Rf6 26. Nf4 Qh7 27. Ng2
Rh6 28. Nh4 Rh5 29. Qc3 g5 30. Ng2 Bf3 31. Kf2 Rh2 32. Rg1 Qh3 33. Qb3+ Kh8 34.
Ke3 Rxg2 35. Rh1 Rh2 36. Rxh2 Qxh2 37. Qxb7 f4+ 38. gxf4 gxf4# {Normal} 0-1

[Event "Rated Blitz game"]
[Site "?"]
[Date "2021.02.09"]
[Round "?"]
[White "MAKER_HISTORY"]
[Black "KamranShirazi"]
[Result "0-1"]
[WhiteElo "2336"]
[BlackElo "2508"]
[PlyCount "64"]
[EventDate "2021.??.??"]
[EventType "blitz"]

1. e4 e5 2. Nf3 d5 3. Nxe5 Bd6 4. d4 dxe4 5. Bc4 Bxe5 6. dxe5 Qxd1+ 7. Kxd1
Bg4+ 8. Be2 Bxe2+ 9. Kxe2 Nc6 10. Bf4 Nd4+ 11. Kd1 O-O-O 12. Bd2 Rd5 13. c3 Nc6
14. Re1 Rxe5 15. Kc2 f5 16. Na3 Nf6 17. Nc4 Re6 18. Bg5 Rhe8 19. Ne3 g6 20.
Rad1 h5 21. h4 Ng4 22. f3 exf3 23. gxf3 Nxe3+ 24. Bxe3 Rxe3 25. Rxe3 Rxe3 26.
Rg1 Re2+ 27. Kd3 Re6 28. f4 Ne7 29. Kd4 Kd7 30. c4 b6 31. b4 Nc6+ 32. Kd5 Rd6#
{Normal} 0-1

[Event "Rated Blitz game"]
[Site "?"]
[Date "2021.02.09"]
[Round "?"]
[White "TheUnknownOnex"]
[Black "CzechProphylaxis"]
[Result "1-0"]
[WhiteElo "2498"]
[BlackElo "2372"]
[PlyCount "77"]
[EventDate "2021.??.??"]
[EventType "blitz"]

1. e4 e5 2. Nf3 d5 3. exd5 Bd6 4. d4 e4 5. Ne5 Nf6 6. Bb5+ Nbd7 7. c4 O-O 8.
Nxd7 Bxd7 9. Nc3 Bg4 10. Qb3 a6 11. Ba4 h6 12. Be3 b5 13. cxb5 Rb8 14. Qc4 a5
15. Bc2 Bb4 16. Bb3 Qd7 17. a4 Rfd8 18. Rc1 Qf5 19. Qxc7 Bd6 20. Qc4 Nh5 21. h3
Nf4 22. hxg4 Nxg2+ 23. Kd2 Qxg4 24. Qe2 Qd7 25. Rcg1 Nf4 26. Qg4 f5 27. Qd1 Nd3
28. Bxh6 Bf4+ 29. Bxf4 Nxf4 30. Rh4 Qd6 31. Kc1 Rdc8 32. Kb1 Rxc3 33. bxc3 Nd3
34. Qd2 Qa3 35. Qa2 Qd6 36. c4 Rc8 37. c5 Qf4 38. d6+ Kf8 39. Rxf4 {Normal} 1-0

[Event "Rated Blitz game"]
[Site "?"]
[Date "2021.02.09"]
[Round "?"]
[White "Yakimkin_Igor"]
[Black "annaly1979"]
[Result "1-0"]
[WhiteElo "2509"]
[BlackElo "2431"]
[PlyCount "73"]
[EventDate "2021.??.??"]
[EventType "blitz"]

1. e4 e5 2. Nf3 d5 3. Nxe5 Qe7 4. d4 f6 5. Nd3 Nc6 6. c3 Bf5 7. Be2 Bxe4 8. O-O
Qf7 9. Nf4 O-O-O 10. Bg4+ f5 11. Be2 g5 12. Nh3 f4 13. Nxg5 Qg6 14. Nxe4 dxe4
15. Bxf4 Nf6 16. Nd2 h5 17. Nc4 h4 18. h3 Nh5 19. Bxh5 Rxh5 20. Qg4+ Qxg4 21.
hxg4 Rh7 22. Rae1 h3 23. gxh3 Rxh3 24. Kg2 Rf3 25. Rxe4 Rd3 26. Rfe1 Bd6 27.
Nxd6+ cxd6 28. g5 Rg8 29. Re8+ Rxe8 30. Rxe8+ Kd7 31. Rh8 Ne7 32. Rh7 Ke6 33.
Rh1 Ng6 34. Be3 Kf5 35. Kf3 d5 36. Ke2 Ke4 37. f3+ {Normal} 1-0

[Event "Rated Blitz game"]
[Site "?"]
[Date "2021.02.09"]
[Round "?"]
[White "The_whip"]
[Black "KamranShirazi"]
[Result "0-1"]
[WhiteElo "2305"]
[BlackElo "2469"]
[PlyCount "104"]
[EventDate "2021.??.??"]
[EventType "blitz"]

1. e4 e5 2. Nf3 d5 3. exd5 e4 4. Qe2 f5 5. d3 Nf6 6. dxe4 fxe4 7. Nc3 Bb4 8.
Nd2 O-O 9. d6 Qxd6 10. Qc4+ Be6 11. Qxe6+ Qxe6 12. Bc4 Qxc4 13. Nxc4 Bxc3+ 14.
bxc3 Nbd7 15. O-O Nd5 16. Bd2 N7b6 17. Ne3 Nxe3 18. Bxe3 Nc4 19. Bd4 b6 20.
Rfe1 c5 21. Be3 Rad8 22. Bg5 Rd5 23. h4 Re8 24. a4 h6 25. Be3 Rh5 26. g3 g5 27.
hxg5 hxg5 28. Kg2 Kf7 29. Rad1 Reh8 30. Rh1 Rxh1 31. Rxh1 Rxh1 32. Kxh1 g4 33.
Bc1 Ke6 34. Kg2 Kd5 35. Kf1 Nd6 36. Ke2 Kc4 37. Kd2 Nf5 38. Bb2 b5 39. axb5
Kxb5 40. Ba3 Kc4 41. Bb2 a5 42. Ba3 Kb5 43. Kd1 e3 44. fxe3 Nxg3 45. Ke1 Ne4
46. Bb2 Kc4 47. Ke2 a4 48. Kd1 Nxc3+ 49. Bxc3 Kxc3 50. Ke2 Kc4 51. Kd2 Kd5 52.
Kd3 g3 {Normal} 0-1

[Event "Rated Blitz game"]
[Site "?"]
[Date "2021.02.09"]
[Round "?"]
[White "Andry123111"]
[Black "DarthZannah"]
[Result "1/2-1/2"]
[WhiteElo "2311"]
[BlackElo "2457"]
[PlyCount "145"]
[EventDate "2021.??.??"]
[EventType "blitz"]

1. e4 e5 2. Nf3 d5 3. Nxe5 dxe4 4. d4 Nd7 5. Nc3 Nxe5 6. dxe5 Qxd1+ 7. Nxd1 f6
8. exf6 Nxf6 9. Bf4 c6 10. Ne3 Be6 11. Be5 Be7 12. Bc4 Bxc4 13. Nxc4 O-O 14.
Ke2 Nd5 15. Ne3 Nxe3 16. fxe3 Rf5 17. Bd4 Raf8 18. Rhf1 Rxf1 19. Rxf1 Rxf1 20.
Kxf1 a6 21. Kf2 Kf7 22. Be5 g6 23. Kg3 Ke6 24. Kf4 Kd5 25. c4+ Kxc4 26. Kxe4 b5
27. h3 a5 28. Bg7 a4 29. Kf3 Kd3 30. e4 c5 31. e5 c4 32. e6 b4 33. Kf4 c3 34.
bxc3 bxc3 35. Ke5 c2 36. Bh6 Kc4 37. Ke4 Ba3 38. Bc1 Be7 39. Bb2 Kb4 40. Kd3 a3
41. Bc1 Kc5 42. Bf4 Kd5 43. Kxc2 Kxe6 44. Kb3 Kf5 45. Bc1 Ke4 46. Bxa3 Bd8 47.
Bd6 Ke3 48. Kb4 Kf2 49. g3 Kg2 50. h4 Kf3 51. a4 Kg4 52. a5 g5 53. h5 Bxa5+ 54.
Kxa5 Kxh5 55. Kb4 Kg4 56. Kc4 h5 57. Kd4 h4 58. gxh4 gxh4 59. Bc7 Kf3 60. Bb8
Kg2 61. Bc7 h3 62. Bd6 Kf3 63. Bc7 Ke2 64. Bb8 Kf2 65. Bc7 Kg2 66. Bd6 Kf3 67.
Bc7 Kf2 68. Bb8 Kf1 69. Bc7 Kg1 70. Bb8 Kf2 71. Bc7 Kf3 72. Bb8 h2 73. Bxh2 {
Normal} 1/2-1/2

[Event "Rated Blitz game"]
[Site "?"]
[Date "2021.02.09"]
[Round "?"]
[White "imdejong"]
[Black "Taabling"]
[Result "1-0"]
[WhiteElo "2455"]
[BlackElo "2432"]
[PlyCount "135"]
[EventDate "2021.??.??"]
[EventType "blitz"]

1. e4 e5 2. Nf3 d5 3. exd5 Bd6 4. Nc3 Nf6 5. d4 e4 6. Ne5 O-O 7. Bf4 Bf5 8. Be2
a6 9. O-O Re8 10. a3 Qe7 11. Bg3 h6 12. Nc4 Bxg3 13. fxg3 Bg6 14. Ne3 Nbd7 15.
Rf2 Rad8 16. Qd2 Nb6 17. Raf1 Nbxd5 18. Nexd5 Nxd5 19. Nxd5 Rxd5 20. Qe3 c5 21.
dxc5 Qxc5 22. Qxc5 Rxc5 23. c3 e3 24. Rf4 Rd5 25. Bc4 Rd7 26. Re1 b5 27. Be2
Rd2 28. b4 Rc2 29. c4 bxc4 30. Rxc4 Ra2 31. Rc3 Rd8 32. Rxe3 Rdd2 33. Bf3 Bd3
34. Rxd3 Rxd3 35. Re8+ Kh7 36. Be4+ g6 37. Bxd3 Rxa3 38. Bf1 Rb3 39. Rb8 Rb1
40. Rb6 f5 41. Rxa6 Rxb4 42. Ra7+ Kh8 43. h4 h5 44. Kh2 f4 45. gxf4 Rxf4 46.
Bd3 Rxh4+ 47. Kg1 Rf4 48. Bxg6 h4 49. Ra3 Kg7 50. Be8 Kf6 51. Bd7 Kg5 52. Bh3
Rb4 53. Rf3 Rc4 54. Rf5+ Kg6 55. Kf2 Rc2+ 56. Kf3 Rc3+ 57. Kg4 Rg3+ 58. Kxh4
Rxh3+ 59. Kxh3 Kxf5 60. Kh4 Kg6 61. Kg4 Kf6 62. Kh5 Kg7 63. Kg5 Kh7 64. g3 Kg7
65. g4 Kh7 66. Kf6 Kg8 67. Kg6 Kh8 68. Kf7 {Normal} 1-0

[Event "Rated Blitz tournament hpiya3Ja"]
[Site "?"]
[Date "2021.02.09"]
[Round "?"]
[White "PejuangBKD"]
[Black "khalid_ontawar"]
[Result "1-0"]
[WhiteElo "2410"]
[BlackElo "2240"]
[PlyCount "95"]
[EventDate "2021.??.??"]
[EventType "blitz"]

1. e4 e5 2. Nf3 d5 3. Nxe5 Qe7 4. d4 f6 5. Nd3 dxe4 6. Nc5 Nc6 7. Nc3 b6 8.
N5xe4 Bb7 9. Bb5 f5 10. Qh5+ g6 11. Qh3 fxe4 12. d5 a6 13. Bxc6+ Bxc6 14. dxc6
Bg7 15. O-O Nf6 16. Bg5 O-O 17. Rad1 Rad8 18. Rd7 Rxd7 19. cxd7 Qxd7 20. Bxf6
Qxh3 21. gxh3 Bxf6 22. Nxe4 Bxb2 23. Rd1 Rf7 24. Kg2 a5 25. Ng5 Re7 26. Rd8+
Kg7 27. h4 h6 28. Nf3 a4 29. Nd2 Be5 30. Nc4 Bc3 31. Ne3 Bb4 32. Nd5 Kf7 33.
Nxb4 Re2 34. Ra8 b5 35. Ra7 Re4 36. Rxc7+ Kf6 37. c3 Rxh4 38. Rc5 Rc4 39. Rxc4
bxc4 40. Kf3 Ke5 41. h4 g5 42. hxg5 h5 43. g6 Kf6 44. Nd5+ Kxg6 45. Ne3 Kg5 46.
Nxc4 h4 47. Ne3 h3 48. Kg3 {Normal} 1-0

[Event "Rated Blitz game"]
[Site "?"]
[Date "2021.02.09"]
[Round "?"]
[White "enriann10"]
[Black "annaly1979"]
[Result "0-1"]
[WhiteElo "2446"]
[BlackElo "2431"]
[PlyCount "48"]
[EventDate "2021.??.??"]
[EventType "blitz"]

1. e4 e5 2. Nf3 d5 3. Nxe5 Qe7 4. d4 f6 5. Qh5+ g6 6. Nxg6 Qxe4+ 7. Be2 Qxg6 8.
Qxd5 Ne7 9. Qf3 Nbc6 10. c3 Bf5 11. Na3 O-O-O 12. Bf4 h5 13. h3 Nd5 14. Bh2
Bxa3 15. bxa3 Be4 16. Qg3 Qxg3 17. Bxg3 Nxc3 18. Bf3 Rhe8 19. O-O Bxf3 20. gxf3
Nxd4 21. Kg2 Rg8 22. h4 Nf5 23. Kh3 Ne2 24. Bh2 Rd3 {Normal} 0-1

[Event "Rated Blitz game"]
[Site "?"]
[Date "2021.02.09"]
[Round "?"]
[White "Blackswood"]
[Black "KamranShirazi"]
[Result "0-1"]
[WhiteElo "2335"]
[BlackElo "2483"]
[PlyCount "98"]
[EventDate "2021.??.??"]
[EventType "blitz"]

1. e4 e5 2. Nf3 d5 3. exd5 e4 4. Ne5 Qxd5 5. d4 exd3 6. Nxd3 Bd6 7. Nc3 Qf5 8.
Be2 Nc6 9. O-O Be6 10. Re1 Nd4 11. Bg4 Qg6 12. Bxe6 fxe6 13. Nf4 Bxf4 14. Bxf4
O-O-O 15. Bg3 Nxc2 16. Qe2 Nxa1 17. Rxa1 Ne7 18. Qe5 Rd7 19. Nb5 Nd5 20. Nxa7+
Kb8 21. Nb5 Qc2 22. a4 Rf8 23. Qd4 b6 24. Nxc7 Rxc7 25. Qxg7 Qxf2+ 26. Bxf2
Rxg7 27. Re1 Rg6 28. b4 Kb7 29. a5 Nf4 30. Bg3 Nd3 31. Rd1 Nxb4 32. axb6 Kxb6
33. Bd6 Rd8 34. Bc5+ Kc7 35. Rxd8 Kxd8 36. Bxb4 Kd7 37. Kf2 Kc6 38. Bd2 Kd5 39.
h3 Ke4 40. g4 Rf6+ 41. Kg3 Rf3+ 42. Kh4 e5 43. Be1 Kd3 44. Bg3 e4 45. Bd6 e3
46. Bb4 e2 47. g5 Rf4+ 48. Kg3 Rxb4 49. h4 e1=Q+ {Normal} 0-1

[Event "Rated Blitz game"]
[Site "?"]
[Date "2021.02.09"]
[Round "?"]
[White "GuessWhoIAm15"]
[Black "DarthZannah"]
[Result "0-1"]
[WhiteElo "2376"]
[BlackElo "2454"]
[PlyCount "40"]
[EventDate "2021.??.??"]
[EventType "blitz"]

1. e4 e5 2. Nf3 d5 3. Nxe5 dxe4 4. d4 Nd7 5. Bf4 Nxe5 6. Bxe5 Nf6 7. Bc4 Be7 8.
O-O O-O 9. Nc3 Bf5 10. Qe2 Re8 11. h3 Bd6 12. f4 exf3 13. Rxf3 Bxe5 14. dxe5
Qd4+ 15. Qe3 Qxe5 16. Qf2 Bg6 17. Rf1 a6 18. a4 Rad8 19. g4 h6 20. Qg2 Qd4+ {
Normal} 0-1

[Event "Rated Blitz game"]
[Site "?"]
[Date "2021.02.09"]
[Round "?"]
[White "wang5ter"]
[Black "Jomajo"]
[Result "1-0"]
[WhiteElo "2390"]
[BlackElo "2572"]
[PlyCount "125"]
[EventDate "2021.??.??"]
[EventType "blitz"]

1. e4 e5 2. Nf3 d5 3. exd5 e4 4. Qe2 Qe7 5. Nd4 Nf6 6. Nc3 Qe5 7. Nb3 Nbd7 8.
d4 exd3 9. cxd3 Bb4 10. Bf4 Qxe2+ 11. Bxe2 Nxd5 12. Bd2 N7f6 13. Bf3 Be6 14.
Nd4 c6 15. Nxe6 fxe6 16. Ne4 O-O-O 17. Nxf6 Bxd2+ 18. Kxd2 gxf6 19. Rhe1 e5 20.
g3 Rd6 21. a3 Rhd8 22. Kc2 Kc7 23. Rad1 Ne7 24. Re4 Nf5 25. Kb1 Nd4 26. Bg2
R8d7 27. f4 exf4 28. Rxf4 Nb5 29. Be4 c5 30. Rdf1 Rf7 31. Rf5 b6 32. Rh5 Rdd7
33. Rh6 Nd6 34. Rfxf6 Rfe7 35. Re6 Nxe4 36. dxe4 Rf7 37. Ref6 Rfe7 38. Re6 Rg7
39. Kc2 Rd4 40. Rc6+ Kb7 41. e5 Re4 42. Rce6 Re2+ 43. Kc3 Re3+ 44. Kc2 Re2+ 45.
Kd3 Rxb2 46. Re8 Rb3+ 47. Ke4 Rxa3 48. e6 Ra1 49. Ke5 Re1+ 50. Kf6 Rc7 51. Re7
c4 52. Rxc7+ Kxc7 53. e7 Kd7 54. Rh4 b5 55. Rd4+ Kc7 56. Rd5 a6 57. Re5 Rf1+
58. Ke6 Rd1 59. e8=Q Rd6+ 60. Ke7 Rc6 61. Rd5 Kb6 62. Qd8+ Kb7 63. Rd7+ {Normal
} 1-0

[Event "Rated Blitz game"]
[Site "?"]
[Date "2021.02.09"]
[Round "?"]
[White "MAKER_HISTORY"]
[Black "KamranShirazi"]
[Result "0-1"]
[WhiteElo "2366"]
[BlackElo "2501"]
[PlyCount "88"]
[EventDate "2021.??.??"]
[EventType "blitz"]

1. e4 e5 2. Nf3 d5 3. exd5 e4 4. Qe2 f5 5. d3 Nf6 6. dxe4 fxe4 7. Bg5 Bb4+ 8.
c3 O-O 9. cxb4 exf3 10. Qxf3 Qe7+ 11. Be2 Qxb4+ 12. Nd2 Bg4 13. Qc3 Qxc3 14.
bxc3 Bxe2 15. Kxe2 Nxd5 16. c4 Re8+ 17. Kd3 Nb4+ 18. Kc3 c5 19. Be3 b6 20. a4
N8c6 21. h4 Rad8 22. g3 Rd3+ 23. Kb2 Rexe3 24. fxe3 Rxd2+ 25. Kc3 Rc2+ 26. Kb3
Na5+ 27. Ka3 Nxc4+ 28. Kb3 Nxe3 29. Rhe1 Nf5 30. Rf1 Nd4+ 31. Ka3 a5 32. Rfc1
Rg2 33. Rg1 Re2 34. Rge1 Rxe1 35. Rxe1 Nbc2+ 36. Kb2 Nxe1 37. Kc3 b5 38. axb5
Nxb5+ 39. Kc4 a4 40. Kxb5 a3 41. Kxc5 a2 42. Kd5 a1=Q 43. g4 Qf6 44. h5 Qg5+ {
Normal} 0-1

[Event "Rated Blitz game"]
[Site "?"]
[Date "2021.02.09"]
[Round "?"]
[White "Blackswood"]
[Black "KamranShirazi"]
[Result "0-1"]
[WhiteElo "2330"]
[BlackElo "2488"]
[PlyCount "80"]
[EventDate "2021.??.??"]
[EventType "blitz"]

1. e4 e5 2. Nf3 d5 3. d4 dxe4 4. Nxe5 Nd7 5. Nxd7 Bxd7 6. Nc3 Nf6 7. Bg5 Bf5 8.
Bc4 Be7 9. O-O O-O 10. Qd2 Re8 11. Rad1 h6 12. Bxh6 gxh6 13. Qxh6 Bh7 14. Rfe1
Bf8 15. Qh4 Bg7 16. Re3 c6 17. Rg3 Nd5 18. Qg4 Bg6 19. Re1 Re6 20. Nxe4 Qe7 21.
f3 f5 22. Nf6+ Rxf6 23. Rxe7 fxg4 24. Rxg4 Rf7 25. Re2 Bf5 26. Rg5 Rd8 27. g4
Bh7 28. Kg2 Kf8 29. h4 Nf4+ 30. Kf2 Nxe2 31. Bxf7 Kxf7 32. Kxe2 Bxc2 33. h5
Bxd4 34. h6 Bf6 35. Ra5 a6 36. Ra3 Bxb2 37. Re3 Bd1+ 38. Ke1 Bd4 39. Rd3 Bc2
40. Rd2 Bc3 {Normal} 0-1

[Event "Rated Blitz tournament yUvz7elD"]
[Site "?"]
[Date "2021.02.09"]
[Round "?"]
[White "ANIMAL1984"]
[Black "ricaurte55"]
[Result "1-0"]
[WhiteElo "2472"]
[BlackElo "2215"]
[PlyCount "57"]
[EventDate "2021.??.??"]
[EventType "blitz"]

1. e4 e5 2. Nf3 d5 3. Nxe5 Bd6 4. d4 dxe4 5. Nc4 Nf6 6. Nc3 O-O 7. h3 h6 8. Be3
Nc6 9. Nxd6 Qxd6 10. Qd2 Bf5 11. g4 Bg6 12. O-O-O a5 13. Be2 Nb4 14. a3 Nbd5
15. h4 c6 16. h5 Bh7 17. g5 hxg5 18. Bxg5 b5 19. Rhg1 Kh8 20. Bh4 b4 21. Nb1
bxa3 22. Nxa3 e3 23. fxe3 Ne4 24. Qe1 Qh6 25. Bd3 Rae8 26. Nc4 Qxh5 27. Rh1 Qf3
28. Qg1 Kg8 29. Rf1 {Time forfeit} 1-0

[Event "Rated Blitz game"]
[Site "?"]
[Date "2021.02.09"]
[Round "?"]
[White "igotthisone"]
[Black "ALJoNzZ"]
[Result "1/2-1/2"]
[WhiteElo "2276"]
[BlackElo "2417"]
[PlyCount "58"]
[EventDate "2021.??.??"]
[EventType "blitz"]

1. e4 e5 2. Nf3 d5 3. exd5 e4 4. Qe2 Nf6 5. d3 Qxd5 6. Nc3 Bb4 7. dxe4 Qxe4 8.
Bd2 Bxc3 9. Bxc3 Qxe2+ 10. Bxe2 Nbd7 11. O-O-O O-O 12. h3 Ne4 13. Bd4 c5 14.
Be3 b6 15. Nd2 Ndf6 16. Bf3 Bb7 17. Nxe4 Bxe4 18. Bxe4 Nxe4 19. Rd7 Nf6 20. Re7
Rfe8 21. Rxe8+ Rxe8 22. Rd1 Kf8 23. Kd2 Rd8+ 24. Kc1 Rxd1+ 25. Kxd1 Ke7 26. Bg5
Ke6 27. Bxf6 Kxf6 28. Ke2 Ke5 29. Ke3 f5 {Normal} 1/2-1/2

[Event "Rated Blitz tournament KqB0AXK6"]
[Site "?"]
[Date "2021.02.09"]
[Round "?"]
[White "sim13a"]
[Black "Artem_0degov"]
[Result "1-0"]
[WhiteElo "2401"]
[BlackElo "2524"]
[PlyCount "31"]
[EventDate "2021.??.??"]
[EventType "blitz"]

1. e4 e5 2. Nf3 d5 3. Nxe5 Bd6 4. d4 dxe4 5. Nc4 Nf6 6. Nc3 O-O 7. Bg5 Nc6 8.
Be2 Re8 9. O-O h6 10. Bh4 Nxd4 11. Re1 Nxe2+ 12. Qxe2 Bf5 13. Rad1 a6 14. Nd5
Nxd5 15. Bxd8 Nf4 16. Qe3 {Normal} 1-0

[Event "Rated Blitz game"]
[Site "?"]
[Date "2021.02.09"]
[Round "?"]
[White "malcriado007"]
[Black "Jomajo"]
[Result "0-1"]
[WhiteElo "2443"]
[BlackElo "2557"]
[PlyCount "126"]
[EventDate "2021.??.??"]
[EventType "blitz"]

1. e4 e5 2. Nf3 d5 3. Nxe5 Bd6 4. d4 dxe4 5. Qe2 Qe7 6. Nc4 Nc6 7. Nxd6+ cxd6
8. Be3 Nf6 9. Nc3 O-O 10. h3 Nd7 11. g4 f5 12. gxf5 Nf6 13. Bg2 Bxf5 14. O-O-O
Nb4 15. Qc4+ d5 16. Qb3 Be6 17. a3 Nc6 18. Rhe1 a6 19. Na4 Nd7 20. Qxb7 Na5 21.
Qb4 Qxb4 22. axb4 Nc6 23. c3 a5 24. b5 Na7 25. b6 Nc6 26. Bf1 Rab8 27. Bb5 Rfc8
28. b7 Rxb7 29. Ba6 Rbc7 30. Bf4 Bxh3 31. Bxc7 Rxc7 32. Re3 Bg4 33. Rg1 h5 34.
Kd2 Nf6 35. Reg3 Ne7 36. Be2 Nf5 37. Rxg4 hxg4 38. Bxg4 Nd6 39. Be6+ Kf8 40.
Nc5 Re7 41. Kc2 Ke8 42. Bg4 Kf7 43. Be2 e3 44. f3 Nh5 45. Nd3 Nf5 46. Ne5+ Kg8
47. Bd3 Nfg3 48. Rg2 g5 49. Kd1 Kg7 50. Ke1 Rb7 51. Ng4 Kf7 52. Ne5+ Ke6 53.
Ng4 Nf5 54. Bb1 Nf4 55. Bxf5+ Kxf5 56. Nxe3+ Kg6 57. Rd2 a4 58. Kd1 a3 59. bxa3
Rc7 60. Kc2 Ra7 61. Kb3 Rb7+ 62. Ka2 Rc7 63. Rc2 Rc6 {Time forfeit} 0-1

[Event "Rated Blitz game"]
[Site "?"]
[Date "2021.02.09"]
[Round "?"]
[White "Allthatchess"]
[Black "mariusz95"]
[Result "0-1"]
[WhiteElo "2427"]
[BlackElo "2387"]
[PlyCount "104"]
[EventDate "2021.??.??"]
[EventType "blitz"]

1. e4 e5 2. Nf3 d5 3. exd5 e4 4. Qe2 Nf6 5. d3 Qxd5 6. Nc3 Bb4 7. Bd2 Bxc3 8.
Bxc3 O-O 9. dxe4 Nxe4 10. Rd1 Nxc3 11. Rxd5 Nxe2 12. Bxe2 Be6 13. Rc5 Nc6 14.
Bb5 Nb4 15. Rxc7 Rac8 16. Rxc8 Rxc8 17. c3 Nxa2 18. Kd2 a6 19. Bd3 b5 20. Nd4
Bd5 21. Ra1 b4 22. Bxa6 bxc3+ 23. bxc3 Ra8 24. Bd3 Rc8 25. Ne2 Bb3 26. Rb1 Be6
27. Rb2 Rd8 28. Nd4 Bd5 29. Bb1 Ra8 30. g3 g6 31. Rb5 Bc4 32. Rc5 Be6 33. Nxe6
fxe6 34. Bd3 Kf7 35. Rc7+ Kf6 36. Rxh7 Rc8 37. Rh6 Nxc3 38. Rxg6+ Ke5 39. Rg4
Nd5 40. Rc4 Rh8 41. h4 Rf8 42. Re4+ Kd6 43. Ke1 e5 44. Ra4 Nc3 45. Ra5 e4 46.
Be2 Rb8 47. Ra1 Rb2 48. Bf1 Ke5 49. h5 Nb1 50. h6 Nd2 51. Be2 Nb3 52. Ra5+ Nxa5
{Time forfeit} 0-1

[Event "Rated Blitz game"]
[Site "?"]
[Date "2021.02.08"]
[Round "?"]
[White "Meysonn"]
[Black "FTR_BBC"]
[Result "1-0"]
[WhiteElo "2555"]
[BlackElo "2396"]
[PlyCount "39"]
[EventDate "2021.??.??"]
[EventType "blitz"]

1. e4 e5 2. Nf3 d5 3. d3 dxe4 4. dxe4 Qxd1+ 5. Kxd1 Bg4 6. Be3 Nc6 7. Nbd2
O-O-O 8. c3 f5 9. exf5 e4 10. h3 Bxf3+ 11. gxf3 exf3 12. Kc2 Nge7 13. Bc4 Nb8
14. Be6+ Nd7 15. Nxf3 Kb8 16. Rad1 Kc8 17. Ne5 Nxf5 18. Bxd7+ Kb8 19. Bxf5 Bd6
20. Nf7 {Normal} 1-0

[Event "Rated Blitz game"]
[Site "?"]
[Date "2021.02.08"]
[Round "?"]
[White "vogelj"]
[Black "Jomajo"]
[Result "0-1"]
[WhiteElo "2448"]
[BlackElo "2581"]
[PlyCount "22"]
[EventDate "2021.??.??"]
[EventType "blitz"]

1. e4 e5 2. Nf3 d5 3. Nxe5 Bd6 4. d4 dxe4 5. Nc4 Nf6 6. Be2 h6 7. Nc3 O-O 8.
Be3 Nc6 9. Qd2 Ne7 10. g4 Ned5 11. O-O Nxc3 {Time forfeit} 0-1

[Event "Rated Blitz game"]
[Site "?"]
[Date "2021.02.08"]
[Round "?"]
[White "TheAtomicFlea"]
[Black "tactinhos2900"]
[Result "1-0"]
[WhiteElo "2389"]
[BlackElo "2564"]
[PlyCount "85"]
[EventDate "2021.??.??"]
[EventType "blitz"]

1. e4 e5 2. Nf3 d5 3. exd5 e4 4. Nd4 Qxd5 5. Nb3 Nf6 6. Nc3 Qe5 7. Be2 Bd6 8.
d4 exd3 9. Qxd3 Bf5 10. Qb5+ Nbd7 11. Nd4 Bg6 12. Be3 O-O 13. Qxe5 Nxe5 14.
O-O-O Neg4 15. Bxg4 Nxg4 16. Ndb5 Nxe3 17. fxe3 Be5 18. Nd5 c6 19. Ne7+ Kh8 20.
Nxg6+ hxg6 21. Nd4 Rad8 22. c3 Rfe8 23. Rhe1 Kg8 24. Nf3 Bc7 25. Rxd8 Rxd8 26.
Rd1 Rxd1+ 27. Kxd1 Kf8 28. Ke2 Ke7 29. Kd3 f6 30. e4 g5 31. h3 Kd6 32. e5+ Ke6
33. exf6 gxf6 34. g4 c5 35. Ke4 b5 36. Ne1 Bd6 37. Nc2 a5 38. c4 b4 39. b3 Bc7
40. Ne1 Bd8 41. Ng2 Bc7 42. Ne3 Bd8 43. Nd5 {Normal} 1-0

[Event "Rated Blitz game"]
[Site "?"]
[Date "2021.02.08"]
[Round "?"]
[White "www68"]
[Black "Jomajo"]
[Result "1/2-1/2"]
[WhiteElo "2604"]
[BlackElo "2577"]
[PlyCount "93"]
[EventDate "2021.??.??"]
[EventType "blitz"]

1. e4 e5 2. Nf3 d5 3. Nxe5 Bd6 4. d4 dxe4 5. Nc4 Nf6 6. Be2 h6 7. Be3 O-O 8.
Nxd6 Qxd6 9. c4 Nc6 10. Nc3 Ne7 11. g4 a6 12. h4 Ne8 13. Nxe4 Qd8 14. Ng3 b5
15. Qd2 Nd6 16. c5 Nc4 17. Bxc4 bxc4 18. g5 Nd5 19. gxh6 c3 20. bxc3 Nxe3 21.
fxe3 gxh6 22. e4 Qf6 23. Rg1 Kh7 24. O-O-O Bg4 25. Rdf1 Qe6 26. Nf5 Bxf5 27.
exf5 Qf6 28. Qf4 Rac8 29. Qe5 Qxe5 30. dxe5 Rce8 31. Re1 Re7 32. f6 Re6 33.
Rg7+ Kh8 34. Re4 Rc6 35. Rc4 Re6 36. Re4 Rc6 37. Kc2 Rxc5 38. a4 Rc6 39. c4 Re6
40. Kc3 c5 41. h5 Rb6 42. Re2 Re6 43. Kd3 Rd8+ 44. Kc3 Rf8 45. Re4 Rb6 46. Re3
Re6 47. Re4 {Normal} 1/2-1/2

[Event "Rated Blitz game"]
[Site "?"]
[Date "2021.02.08"]
[Round "?"]
[White "Partake"]
[Black "Jomajo"]
[Result "1-0"]
[WhiteElo "2577"]
[BlackElo "2571"]
[PlyCount "57"]
[EventDate "2021.??.??"]
[EventType "blitz"]

1. e4 e5 2. Nf3 d5 3. exd5 e4 4. Qe2 Qe7 5. Nd4 Nf6 6. Nc3 Qe5 7. Nb3 Nbd7 8.
d3 exd3 9. Qxe5+ Nxe5 10. cxd3 Bf5 11. d4 Nd3+ 12. Bxd3 Bxd3 13. Bg5 Ne4 14.
Nxe4 Bxe4 15. O-O Bxd5 16. Rfe1+ Kd7 17. Nc5+ Bxc5 18. dxc5 Rhe8 19. Rxe8 Rxe8
20. Be3 Kc6 21. b3 a5 22. Rd1 a4 23. bxa4 Re4 24. Rd4 Rxd4 25. Bxd4 g6 26. a3
Bb3 27. a5 Kd5 28. Be3 Kc4 29. c6 {Normal} 1-0

[Event "Rated Blitz tournament KfWhbrhI"]
[Site "?"]
[Date "2021.02.08"]
[Round "?"]
[White "Kind_Wolf138"]
[Black "Artem_0degov"]
[Result "0-1"]
[WhiteElo "2338"]
[BlackElo "2539"]
[PlyCount "112"]
[EventDate "2021.??.??"]
[EventType "blitz"]

1. e4 e5 2. Nf3 d5 3. exd5 e4 4. Qe2 Nf6 5. Nc3 Be7 6. Nxe4 O-O 7. d3 Nxd5 8.
Qd1 f5 9. Nc3 Bb4 10. Bd2 Re8+ 11. Be2 Nc6 12. O-O Bxc3 13. bxc3 Qf6 14. Nd4
Nxd4 15. cxd4 Qxd4 16. Bf3 c6 17. Re1 Bd7 18. Rb1 b6 19. g3 Nc3 20. Bxc3 Qxc3
21. Kg2 f4 22. Re4 Rxe4 23. Bxe4 Rf8 24. Qe2 Qf6 25. f3 Qg5 26. Re1 h5 27. Bxc6
Bxc6 28. Qe6+ Kh8 29. Qxc6 fxg3 30. hxg3 h4 31. Qd6 Qd2+ 32. Kh3 Rxf3 33. Qd8+
Kh7 34. Qxh4+ Qh6 35. Qxh6+ Kxh6 36. Re6+ Kh7 37. Re7 a5 38. Rb7 Rf6 39. c4 Rc6
40. Re7 Rd6 41. Rb7 Kh6 42. Kg2 Kg5 43. Kf3 Rxd3+ 44. Ke4 Rd6 45. Ke5 Rc6 46.
Kd5 Rc5+ 47. Kd4 Rc6 48. Kd5 Rg6 49. c5 bxc5 50. Kxc5 Kg4 51. Kb5 Rg5+ 52. Ka4
Kxg3 53. Ra7 Kf2 54. Ra8 Rg4+ 55. Kxa5 Rg3 56. Kb4 Rg4+ {Time forfeit} 0-1